Science Quiz

Random Science or Animal Quiz

Notifiable Animal Diseases Quiz Stats

 Plays Quiz not verified by Sporcle

Also try: Lobes of the Brain
Challenge
Share
Tweet
Embed
Score 0/39 Timer 10:00
0 Plays Today
Disease % Correct
Rabies
80%
Anthrax
77.8%
BSE
75.7%
Brucellosis
71.9%
Brucellosis
71.9%
Bluetongue
71.4%
Scrapie
70.8%
Foot and Mouth Disease
70.3%
Avian Influenza
69.7%
African Swine Fever
65.4%
West Nile Virus
64.9%
Bovine TB
63.8%
Contagious Equine Metritis
63.2%
Classical Swine Fever
62.2%
African Horse Sickness
60.5%
Sheep Pox
57.8%
Rinderpest
54.6%
Newcastle Disease
53%
Goat Pox
50.3%
Dourine
45.4%
Disease % Correct
Equine Infectious Anaemia
44.9%
Glanders and Farcy
44.3%
Warble Fly
43.2%
Aujeszky's Disease
38.4%
Lumpy Skin Disease
37.3%
Rift Valley Fever
37.3%
Contagious Bovine Pleuro-pneumonia
34.6%
Vesicular Stomatitis
34.1%
Contagious Agalactia
33%
Paramyxovirus of pigeons
29.7%
Swine Vascular Disease
29.2%
Enzootic Bovine Leukosis
28.1%
European Bat Lyssavirus
27%
Teschen Disease
27%
Pest des Petits Ruminants
25.9%
Contagious Epididymisis
25.4%
Epizootic Lymphangitis
25.4%
Equine Viral Encephalomyelitis
22.7%
Epizootic Haemorrhagic Virus Disease
15.1%

You're not logged in!

Compare scores with friends on all Sporcle quizzes.
Join for Free
OR
Log In

You Might Also Like...

Show Comments

Extras

Top Quizzes Today


Score Distribution

Your Account Isn't Verified!

In order to create a playlist on Sporcle, you need to verify the email address you used during registration. Go to your Sporcle Settings to finish the process.

Report this User

Report this user for behavior that violates our Community Guidelines.

Details: